| 000 | 00614nam a22001697a 4500 | ||
|---|---|---|---|
| 005 | 20100930111455.0 | ||
| 008 | 100930t xxu||||| |||| 00| 0 eng d | ||
| 020 |
_a81-7650-165-4 _c225.00 |
||
| 035 | _aB-125301 | ||
| 082 | _a394.26 | ||
| 100 |
_aBhalla, Kartar Singh _922475 |
||
| 245 |
_aFestivals of India / _cby Kartar Singh Bhalla |
||
| 260 |
_aNew Delhi _bStar Publications _c2005 |
||
| 300 |
_a39p. _b28cm. Hb) _cillu. |
||
| 942 |
_2ddc _cEN _h394.26 _mBHA |
||
| 999 |
_c48030 _d48030 |
||